Effect of colchicine on callus induction from isolated microspores in Hevea brasiliensis (Record no. 48848)

MARC details
000 -LEADER
fixed length control field 00553nam a2200193Ia 4500
100 ## - MAIN ENTRY--AUTHOR NAME
Personal name Jayasree R
245 #0 - TITLE STATEMENT
Title Effect of colchicine on callus induction from isolated microspores in Hevea brasiliensis
260 ## - PUBLICATION, DISTRIBUTION, ETC. (IMPRINT)
Name of publisher Plant Cell Biotechnology and Molecular Biology
Year of publication 2007
300 ## - PHYSICAL DESCRIPTION
Number of Pages 89-92
650 ## - SUBJECT ADDED ENTRY--TOPICAL TERM
Topical Term Androgenesis
650 ## - SUBJECT ADDED ENTRY--TOPICAL TERM
Topical Term Colchicine
650 ## - SUBJECT ADDED ENTRY--TOPICAL TERM
Topical Term Isolated microspores
700 ## - ADDED ENTRY--PERSONAL NAME
Personal name Jayasree P K
700 ## - ADDED ENTRY--PERSONAL NAME
Personal name Rekha K
700 ## - ADDED ENTRY--PERSONAL NAME
Personal name Sanju R
700 ## - ADDED ENTRY--PERSONAL NAME
Personal name Thulaseedharan A
942 ## - ADDED ENTRY ELEMENTS (KOHA)
Koha item type Bibliography STAF
Holdings
Withdrawn status Lost status Damaged status Not for loan Home library Current library Shelving location Date acquired Serial Enumeration / chronology Koha item type
      Bibliography RRII Library RRII Library Biotechnology 29/10/2008 Volume 8, Issue 02-Jan Bibliography STAF